Dopady daňovej a odvodovej politiky na zamestnanosť nízko kvalifikovaných ľudí diplomová práca

Guardado en:
Detalles Bibliográficos
Autor principal: Baranovičová, Tereza
Autor Corporativo: Národohospodárska fakulta EU. Katedra sociálneho rozvoja a práce
Otros Autores: Kahanec, Martin, 1977-
Formato: Libro
Lenguaje:eslovaco
Publicado: Bratislava 2025
Etiquetas: Agregar Etiqueta
Sin Etiquetas, Sea el primero en etiquetar este registro!

MARC

LEADER 00000nbm a2200000 4500
001 0309278
005 20260206101755.9
041 0 |a slo 
044 |a SK 
245 1 0 |a Dopady daňovej a odvodovej politiky na zamestnanosť nízko kvalifikovaných ľudí  |b diplomová práca  |c Tereza Baranovičová ; školiteľ: Martin Kahanec 
264 1 |a Bratislava  |c 2025 
300 |a 61 s. 
100 1 |a Baranovičová, Tereza 
700 1 |a Kahanec, Martin, 1977- 
710 2 |a Národohospodárska fakulta EU. Katedra sociálneho rozvoja a práce